000 00504nam a22001337a 4500
999 _c535744
_d535744
100 _aHafeez, Sidrah
245 _a3d rooftop Photovoltaic Potential Calculation using GIS Techniques ;
_bA Case Study of F-11 Sector Islamabad.
_cSidrah Hafeez.
260 _aIslamabad :
_bIGIS - NUST,
_c2014.
300 _a56 p. : ill. ;
_c30cm.
942 _2ddc
_cTHE
650 _aRemote Sensing & GIS - MS Theses.
_928080
700 _aSup Dr. Hamid Mehmood.
_930538